| 000 | 00630nam a2200229 u 4500 | ||
|---|---|---|---|
| 005 | 20240809063823.0 | ||
| 008 | 160803s2006 es r 000 0 spa d | ||
| 020 | _a8498251346 | ||
| 020 | _a9788498251340 | ||
| 035 | _aUPN01000212062 | ||
| 049 | _aI | ||
| 050 | 4 |
_aTX557 _bG8.3 |
|
| 100 | 1 |
_aGuidoux, Valérie _939522 |
|
| 245 | 1 | 3 |
_aEl fruto / _cValérie Guidoux. |
| 260 |
_aBarcelona, Esp. : _bCombel, _c2006. |
||
| 300 |
_a23 p. : _bil. col. |
||
| 440 | 0 | _a¿Quién eres? | |
| 534 |
_pTítulo original : _tLe fruit |
||
| 650 | 4 |
_aFrutas _99525 |
|
| 650 | 7 |
_aBiología _vLiteratura infantil _2 _94652 |
|
| 905 | _aInfantil | ||
| 999 |
_c184162 _d184162 |
||